LEADER 00773nam0-22003011i-450- 001 990007511460403321 005 20060605123628.0 035 $a000751146 035 $aFED01000751146 035 $a(Aleph)000751146FED01 035 $a000751146 100 $a20030814d1931----km-y0itay50------ba 101 0 $aita 102 $aIT 200 1 $aBologna$fAlfredo Testoni 210 $aFirenze$cNemi$d[1931] 215 $a76 p.$d21 cm 225 1 $aVisioni spirituali d'Italia 300 $aStampati solo 100 esempl. 610 0 $aBologna 700 1$aTestoni,$bAlfredo$0156850 801 0$aIT$bUNINA$gRICA$2UNIMARC 901 $aBK 912 $a990007511460403321 952 $aD'-02-020$bIst.2606$fILFGE 959 $aILFGE 996 $aBologna$9683353 997 $aUNINA LEADER 01535nam2 22003493i 450 001 CFI0170859 005 20251003044129.0 020 $aIT$b91-9939 100 $a20061004d1991 ||||0itac50 ba 101 | $aeng 102 $ait 181 1$6z01$ai $bxxxe 182 1$6z01$an 183 1$6z01$anc$2RDAcarrier 200 1 $aˆ1: ‰Legal informatics 210 $aMilano$cA. Giuffrè$d©1991 215 $aXV, 782 p.$d24 cm. 225 | $aInformatica e ordinamento giuridico$i. Ser. Atti e documentazione$v10.1 410 0$1001CFI0012029$12001 $aInformatica e ordinamento giuridico$i. Ser. Atti e documentazione$v10.1 461 1$1001CFI0170857$12001 $aLaw and computers$eselected papers from the 4th International congress of the Italian Corte suprema di Cassazione$eRome, spring 1988$fpreface by Vittorio Novelli$gedited by Ettore Giannantonio$v1 606 $aInformatica$xItalia$xDiritto$2FIR$3CFIC246463$9N 676 $a340.0285$9DIRITTO. Elaborazione dei dati$v23 696 $aAspetti giuridici$aScienza degli elaboratori 699 $aDiritto$zAspetti giuridici 699 $aInformatica$yScienza degli elaboratori 801 3$aIT$bIT-000000$c20061004 850 $aIT-BN0095 $aIT-NA0070 912 $aCFI0170859 950 2$aBiblioteca Centralizzata di Ateneo$cv. 1$d 01D (AR) 6 894$e 01AR 0070068945 VMA A4(0001 v. 1$fY $h20221129$i20221129 977 $a 01$a BU 996 $aLegal informatics$92981820 997 $aUNISANNIO